00796nam a2200253 a 4500001001300000003000900013005001700022008004100039020001000080082001700090100002400107245008100131260002500212300001000237500003500247505001700282650004000299650001700339700002400356902000800380942000700388952013000395999001700525nice12345678IN_TiNIC20260116013302.0050524s1997 dela grp 000 0 eng  ac15000a291.172bLAW aLawrence, Chellaian aJesus as Prophet in Christianity and Islamb Model for Inter Faith Dialogue. aDelhi bISPCK c1997 a425p. aincludes index and biblioraphy2 aBibliography aReconciliation-Interfaith Chri Musl aJesus Christ1 aLawrence, Chellaian bSRS cBK 001040708StackRoom-aHMIbHMId2010-10-12g150.00l1o291.172 LAWp018334r2017-01-04s2016-11-18v150.00w2005-05-24yBK c10409d10409